El pensamiento económico y la estructura impositiva (Registro nro. 15223)
[ vista simple ]
| 000 -LEADER | |
|---|---|
| fixed length control field | 00324 a2200109 4500 |
| 001 - CONTROL NUMBER | |
| control field | ART_18416 |
| 005 - DATE AND TIME OF LATEST TRANSACTION | |
| control field | 20260410161701.0 |
| 008 - FIXED-LENGTH DATA ELEMENTS--GENERAL INFORMATION | |
| fixed length control field | 260409a |
| 100 1# - MAIN ENTRY--PERSONAL NAME | |
| Personal name | Cuello, Raúl E. |
| 245 10 - TITLE STATEMENT | |
| Title | El pensamiento económico y la estructura impositiva |
| 773 0# - HOST ITEM ENTRY | |
| Title | Revista Impuestos |
| Related parts | - Nº 1 (ene. 2013) |
| Record control number | REV639 |
No hay ítems disponibles.